[Event "Florianopolis op 5th"]
[Site "Florianopolis"]
[Date "2019.01.23"]
[Round "4"]
[White "Ichimura G Barbosa, Larissa Yuki"]
[Black "Santos Neto, Amazonas"]
[Result "1-0"]
[WhiteElo "1967"]
[BlackElo "1682"]
[PlyCount "84"]
[EventDate "2019.01.21"]
[EventType "swiss"]
[EventRounds "10"]
[EventCountry "BRA"]
[SourceTitle "CBM 188 Extra"]
[Source "ChessBase"]
[SourceDate "2019.02.28"]
[SourceVersion "1"]
[SourceVersionDate "2019.02.28"]
[SourceQuality "1"]

1. e4 e6 2. d3 d5 3. Nd2 d4 4. Ngf3 c5 5. g3 Nc6 6. e5 Nge7 7. Nc4 Ng6 8. a4 Qc7 9. Qe2 Be7 10. Bg2 0-0 11. h4 f5 12. h5 Nh8 13. Bf4 Nf7 14. Nh4 Na5 15. Nd2 Rb8 16. Ng6 Re8 17. Nxe7+ Qxe7 18. Nf3 c4 19. Nxd4 Ra8 20. Nf3 cxd3 21. cxd3 b6 22. 0-0 Ba6 23. Rfd1 Nb3 24. Ra3 Nc5 25. Ne1 g5 26. hxg6 hxg6 27. Be3 Nxe5 28. Bg5 Qxg5 29. Qxe5 Kf7 30. Nf3 Qf6 31. Qc7+ Qe7 32. Ne5+ Kf6 33. Qxe7+ Kxe7 34. Nc6+ Kf6 35. Nb8 Raxb8 36. b4 Nd7 37. b5 Bb7 38. Bxb7 Rxb7 39. d4 Ke7 40. Re3 Kd6 41. Rde1 Nf8 42. Rc3 Kd5 1-0

[Event "Florianopolis op 5th"]
[Site "Florianopolis"]
[Date "2019.01.22"]
[Round "3"]
[White "Santos Neto, Amazonas"]
[Black "Mendes, Rodrigo Machado"]
[Result "1-0"]
[WhiteElo "1682"]
[BlackElo "1956"]
[PlyCount "99"]
[EventDate "2019.01.21"]
[EventType "swiss"]
[EventRounds "10"]
[EventCountry "BRA"]
[SourceTitle "CBM 188 Extra"]
[Source "ChessBase"]
[SourceDate "2019.02.28"]
[SourceVersion "1"]
[SourceVersionDate "2019.02.28"]
[SourceQuality "1"]

1. c4 c5 2. g3 g6 3. Bg2 Bg7 4. d3 Nf6 5. Qb3 Qc7 6. Nc3 a6 7. e4 Nc6 8. Nf3 e6 9. Na4 0-0 10. a3 Rb8 11. Qb6 Qxb6 12. Nxb6 d6 13. Rb1 Nd7 14. Nxd7 Bxd7 15. h4 b5 16. 0-0 bxc4 17. dxc4 Na5 18. Nd2 Bd4 19. b4 Nc6 20. b5 axb5 21. cxb5 Ne5 22. a4 Ra8 23. Nb3 Rxa4 24. Nxd4 cxd4 25. Rd1 Rb8 26. Bf1 Ra2 27. Kg2 Kf8 28. Rxd4 Ke7 29. Rdb4 Ng4 30. R1b2 Ra1 31. Bd2 f6 32. Be2 Ne5 33. f4 Nf7 34. Be3 Nd8 35. Rb1 Ra5 36. e5 d5 37. Bc5+ Kf7 38. Bd6 Rb7 39. h5 f5 40. hxg6+ hxg6 41. Kh3 Ra3 42. R4b3 Ra2 43. R3b2 Ra4 44. Kg2 Kg8 45. Rc1 Kf7 46. Kh1 Kg7 47. Be7 Nf7 48. Rcb1 Ra5 49. b6 Ba4 50. Bf6+ 1-0

[Event "Maringa Parana-ch"]
[Site "Maringa"]
[Date "2018.02.03"]
[Round "7"]
[White "Santos Neto, Amazonas"]
[Black "Borges, Leonardo Hisao Hera"]
[Result "1-0"]
[WhiteElo "1700"]
[BlackElo "1452"]
[PlyCount "57"]
[EventDate "2018.01.31"]
[EventType "swiss"]
[EventRounds "8"]
[EventCountry "BRA"]
[SourceTitle "CBM 182 Extra"]
[Source "ChessBase"]
[SourceDate "2018.02.23"]
[SourceVersion "1"]
[SourceVersionDate "2018.02.23"]
[SourceQuality "1"]

1. c4 Nf6 2. g3 g6 3. Bg2 d5 4. cxd5 Nxd5 5. Qb3 Nb6 6. d3 Bg7 7. Nf3 0-0 8. Nc3 Nc6 9. a3 h6 10. 0-0 e5 11. Qc2 Be6 12. Rb1 Qc8 13. Be3 Rd8 14. b4 Nd5 15. Bd2 Bh3 16. Nxd5 Rxd5 17. b5 Ne7 18. e4 Bxg2 19. Kxg2 Rd8 20. Bb4 Rd7 21. Rbc1 Qd8 22. Rfd1 g5 23. h4 f6 24. Qb3+ Kh8 25. hxg5 fxg5 26. Nxg5 hxg5 27. Rh1+ Bh6 28. Rxh6+ Kg7 29. Qe6 1-0

[Event "Florianopolis op 4th"]
[Site "Florianopolis"]
[Date "2018.01.19"]
[Round "1"]
[White "Vitielo, Alecio Elias"]
[Black "Santos Neto, Amazonas"]
[Result "1/2-1/2"]
[WhiteElo "1872"]
[BlackElo "1700"]
[PlyCount "117"]
[EventDate "2018.01.19"]
[EventType "swiss"]
[EventRounds "10"]
[EventCountry "BRA"]
[SourceTitle "CBM 182 Extra"]
[Source "ChessBase"]
[SourceDate "2018.02.23"]
[SourceVersion "1"]
[SourceVersionDate "2018.02.23"]
[SourceQuality "1"]

1. e4 e6 2. d4 d5 3. e5 c5 4. c3 Nc6 5. Nf3 Bd7 6. a3 Qa5 7. dxc5 Qxc5 8. b4 Qb6 9. Bd3 Nge7 10. 0-0 Ng6 11. Re1 Qc7 12. Qe2 a6 13. g3 Be7 14. Bb2 Na7 15. Nbd2 b5 16. h4 Bc6 17. Nd4 Nc8 18. Qh5 Nf8 19. Qg4 g6 20. Qe2 Nb6 21. Rac1 Nfd7 22. f4 Na4 23. Ba1 Ndb6 24. Kh2 Rd8 25. Qg2 Ba8 26. Kh1 Nc4 27. Nxc4 bxc4 28. Be2 Rb8 29. Bf3 Bc6 30. Rb1 Qd7 31. Nxc6 Qxc6 32. Qc2 Bd8 33. Kh2 Nb6 34. Bb2 Qa4 35. Bd1 Qxc2+ 36. Bxc2 Kd7 37. a4 Na8 38. Bc1 Bb6 39. Be3 Bxe3 40. Rxe3 Kc6 41. Ree1 Nc7 42. Kg2 h6 43. Kf3 Rhd8 44. Red1 Rd7 45. g4 Rg8 46. g5 h5 47. Rd4 Rb8 48. Ke3 Ne8 49. Kf3 Rdb7 50. Ke3 Nc7 51. Kf3 Na8 52. Rc1 Nb6 53. Ke3 Nc8 54. Kf3 Ne7 55. Kf2 Rd8 56. Rcd1 Kb6 57. Ke3 Nc6 58. R1d2 Kc7 59. Rd1 1/2-1/2

[Event "Florianopolis op 3rd"]
[Site "Florianopolis"]
[Date "2017.01.25"]
[Round "9"]
[White "Santos Neto, Amazonas"]
[Black "Sato, Claudio Takeshi"]
[Result "1-0"]
[WhiteElo "1719"]
[BlackElo "1517"]
[PlyCount "67"]
[EventDate "2017.01.20"]
[EventType "swiss"]
[EventRounds "10"]
[EventCountry "BRA"]
[SourceTitle "EXT 2018"]
[Source "ChessBase"]
[SourceDate "2017.10.13"]
[SourceVersion "1"]
[SourceVersionDate "2017.10.13"]
[SourceQuality "1"]

1. g3 e5 2. c4 Bc5 3. e3 Nf6 4. a3 Nc6 5. Ne2 a6 6. Bg2 0-0 7. Nbc3 d6 8. 0-0 Be6 9. d4 Bxc4 10. dxc5 dxc5 11. Qc2 Qe7 12. e4 b5 13. Be3 Nd4 14. Bxd4 cxd4 15. Nd5 Nxd5 16. exd5 Rad8 17. Qd2 Bxd5 18. Rfe1 Qd6 19. b4 Bxg2 20. Kxg2 c5 21. bxc5 Qxc5 22. Nc1 f6 23. Nd3 Qd6 24. Qa2+ Kh8 25. Rac1 Rc8 26. Qb2 Rc4 27. f3 Rfc8 28. Red1 Rc3 29. Nb4 a5 30. Rxc3 Rxc3 31. Qxc3 h6 32. Qc8+ Kh7 33. Nc2 d3 34. Qf5+ 1-0

[Event "Florianopolis op 3rd"]
[Site "Florianopolis"]
[Date "2017.01.22"]
[Round "4"]
[White "Santos Neto, Amazonas"]
[Black "Rodrigues, Regis Ramos"]
[Result "1-0"]
[WhiteElo "1719"]
[BlackElo "1950"]
[PlyCount "31"]
[EventDate "2017.01.20"]
[EventType "swiss"]
[EventRounds "10"]
[EventCountry "BRA"]
[SourceTitle "CBM 176 Extra"]
[Source "ChessBase"]
[SourceDate "2017.03.02"]
[SourceVersion "1"]
[SourceVersionDate "2017.03.02"]
[SourceQuality "1"]

1. c4 Nf6 2. Nf3 g6 3. d4 Bg7 4. Nc3 d5 5. cxd5 Nxd5 6. Na4 Nf6 7. Qb3 0-0 8. e3 b6 9. g3 Bb7 10. Bg2 Nc6 11. Nc5 Na5 12. Nxb7 Qd5 13. Qxd5 Nxd5 14. Nxa5 bxa5 15. Bd2 Rab8 16. Rb1 1-0

[Event "Florianopolis op 3rd"]
[Site "Florianopolis"]
[Date "2017.01.20"]
[Round "1"]
[White "Carvalho, Vivian dos Santos"]
[Black "Santos Neto, Amazonas"]
[Result "1/2-1/2"]
[WhiteElo "1470"]
[BlackElo "1719"]
[PlyCount "74"]
[EventDate "2017.01.20"]
[EventType "swiss"]
[EventRounds "10"]
[EventCountry "BRA"]
[SourceTitle "CBM 176 Extra"]
[Source "ChessBase"]
[SourceDate "2017.03.02"]
[SourceVersion "1"]
[SourceVersionDate "2017.03.02"]
[SourceQuality "1"]

1. c4 e6 2. Nc3 d5 3. cxd5 exd5 4. d4 Nf6 5. Bf4 c6 6. e3 Bb4 7. Nf3 Bf5 8. Qb3 Qe7 9. h3 Nbd7 10. Be2 b6 11. 0-0 Bd6 12. Bxd6 Qxd6 13. Rac1 Rc8 14. Qa4 0-0 15. a3 a5 16. b4 axb4 17. Qxb4 Qxb4 18. axb4 b5 19. Nh4 Be6 20. Bd3 g6 21. Nf3 Nb6 22. Nb1 Nfd7 23. Nbd2 f5 24. Nb3 h6 25. Nc5 Nxc5 26. Rxc5 Nc4 27. Bxc4 dxc4 28. Ne5 Bd5 29. Nxg6 Rf7 30. Nf4 Be4 31. Rc1 Rg7 32. Kh2 Rd7 33. Re5 Rf8 34. Rc5 Rc8 35. Re5 Rf8 36. Rc5 Rc8 37. Re5 Rf8 1/2-1/2

[Event "Sao Bento do Sul U2050 2nd"]
[Site "Sao Bento do Sul"]
[Date "2016.09.18"]
[Round "7.20"]
[White "De Carvalho, Carlos Augusto Beck"]
[Black "Santos Neto, Amazonas"]
[Result "0-1"]
[WhiteElo "1403"]
[BlackElo "1749"]
[PlyCount "162"]
[EventDate "2016.09.16"]
[EventType "swiss"]
[EventRounds "7"]
[EventCountry "BRA"]
[SourceTitle "EXT 2022"]
[Source "ChessBase"]
[SourceDate "2021.10.06"]
[SourceVersion "1"]
[SourceVersionDate "2021.10.06"]
[SourceQuality "1"]

1. Nf3 Nf6 2. b3 g6 3. Bb2 Bg7 4. d4 d5 5. e3 0-0 6. Nbd2 c6 7. Be2 Bg4 8. 0-0 Nbd7 9. c4 e6 10. h3 Bf5 11. Nh4 Ne4 12. Nxf5 exf5 13. cxd5 cxd5 14. Rc1 a6 15. Nb1 b5 16. Nc3 Nb6 17. a3 Qd7 18. Qd3 Rfc8 19. Rc2 Bf8 20. Rfc1 Bd6 21. Bf3 Qe6 22. Na2 Rxc2 23. Rxc2 Rc8 24. Nc3 Rc7 25. Ne2 Qc8 26. Rxc7 Qxc7 27. g3 Qe7 28. Qc2 Qc7 29. Qxc7 Bxc7 30. Nc3 Kf8 31. h4 Ke7 32. Be2 Ke6 33. Kg2 Nd2 34. Bd1 Bd6 35. Bc1 Ne4 36. Nxe4 fxe4 37. f3 a5 38. fxe4 dxe4 39. Be2 a4 40. Bxb5 axb3 41. a4 Bb4 42. Bb2 Kd5 43. Be8 Ke6 44. Bb5 h6 45. g4 g5 46. hxg5 hxg5 47. Kf2 f5 48. gxf5+ Kxf5 49. d5 g4 50. a5 Nxd5 51. a6 Bc5 52. Bc1 b2 53. Bxb2 Bxe3+ 54. Kg3 Bf4+ 55. Kg2 Bb8 56. Bd7+ Kg5 57. Bxg4 Kxg4 58. Bd4 Nf4+ 59. Kh1 Kf3 60. a7 Bxa7 61. Bxa7 Ke2 62. Kh2 Kd3 63. Kg3 Ne2+ 64. Kf2 Nd4 65. Bxd4 Kxd4 66. Ke2 Kc4 67. Kd2 Kc5 68. Ke3 Kd5 69. Kd2 Ke6 70. Ke2 Kf5 71. Ke3 Ke5 72. Ke2 Kf4 73. Kf2 Kf5 74. Ke2 Ke6 75. Ke3 Ke5 76. Ke2 Kd4 77. Kd2 e3+ 78. Kd1 Kd3 79. Ke1 e2 80. Kf2 Kd2 81. Kf3 e1Q 0-1

[Event "Caioba Telecom op"]
[Site "Caioba"]
[Date "2016.08.28"]
[Round "6"]
[White "Dos Anjos, Diovana Ferreira"]
[Black "Santos Neto, Amazonas"]
[Result "1-0"]
[WhiteElo "1552"]
[BlackElo "1749"]
[PlyCount "71"]
[EventDate "2016.08.26"]
[EventType "swiss"]
[EventRounds "6"]
[EventCountry "BRA"]
[SourceTitle "CBM 174 Extra"]
[Source "ChessBase"]
[SourceDate "2016.10.10"]
[SourceVersion "1"]
[SourceVersionDate "2016.10.10"]
[SourceQuality "1"]

1. c4 Nf6 2. Nc3 d6 3. g3 c6 4. Bg2 g6 5. d3 Bg7 6. e4 e5 7. Nge2 Bg4 8. 0-0 Qc8 9. Bg5 h5 10. f4 exf4 11. Bxf4 Qd7 12. Bg5 Nh7 13. Be3 Na6 14. Qd2 Nc7 15. Rf2 0-0-0 16. Raf1 Rdf8 17. Bxa7 Ne6 18. h3 Bxe2 19. Nxe2 c5 20. Qa5 Nd4 21. Bb6 Nc6 22. Qa3 Ng5 23. Kh2 Ne6 24. e5 Ned8 25. exd6 Be5 26. Bxc5 h4 27. d4 hxg3+ 28. Nxg3 Rxh3+ 29. Bxh3 Rh8 30. dxe5 Qxh3+ 31. Kg1 Nxe5 32. Bd4 Ndc6 33. Bxe5 Rh4 34. d7+ Kxd7 35. Rxf7+ Ke8 36. Qf8# 1-0

[Event "Caioba Telecom op"]
[Site "Caioba"]
[Date "2016.08.28"]
[Round "5"]
[White "Santos Neto, Amazonas"]
[Black "Ribeiro, Erica de Jesus"]
[Result "1/2-1/2"]
[WhiteElo "1749"]
[BlackElo "1441"]
[PlyCount "206"]
[EventDate "2016.08.26"]
[EventType "swiss"]
[EventRounds "6"]
[EventCountry "BRA"]
[SourceTitle "CBM 174 Extra"]
[Source "ChessBase"]
[SourceDate "2016.10.10"]
[SourceVersion "1"]
[SourceVersionDate "2016.10.10"]
[SourceQuality "1"]

1. c4 e6 2. Nc3 d5 3. Nf3 f5 4. e3 Nf6 5. b3 c6 6. Bb2 Bd6 7. g3 0-0 8. Bg2 Nbd7 9. d4 Ne4 10. Nxe4 fxe4 11. Ne5 Qf6 12. f4 exf3 13. Nxf3 Bb4+ 14. Ke2 Bd6 15. Rf1 Qe7 16. c5 Bc7 17. Qd3 e5 18. dxe5 Nxe5 19. Nxe5 Bxe5 20. Bxd5+ Be6 21. Bxe5 Rxf1 22. Rxf1 Bxd5 23. Bd6 Qe4 24. Qxe4 Bxe4 25. Rf4 Re8 26. h4 h6 27. g4 a6 28. Rf1 g6 29. Rd1 Rd8 30. Rd4 Bd5 31. e4 Be6 32. e5 Rd7 33. Kd2 Rf7 34. Kc3 g5 35. hxg5 hxg5 36. Rd3 Rf4 37. Rg3 Rxg4 38. Rxg4 Bxg4 39. Be7 Kf7 40. Bxg5 Ke6 41. Kb4 Kd7 42. Ka5 Be6 43. Kb6 Kc8 44. Be7 Bg4 45. a4 Bd1 46. b4 Bxa4 47. Bd6 Bb3 48. Ka5 Kd7 49. Kb6 Kc8 50. Ka7 Bc4 51. Bf8 Bd5 52. Kb6 Bc4 53. Ka5 Kd7 54. Ka4 Ke6 55. Bd6 Kd7 56. Ka3 Ke6 57. Kb2 Bd5 58. Kc3 Ba2 59. Kd4 Bd5 60. Ke3 Kf5 61. Kf2 Ke4 62. Kg3 Kd4 63. Bc7 Be6 64. Kf4 Bh3 65. Kg5 Kd5 66. Kf6 Bg4 67. Ke7 Bf5 68. Kd8 Kc4 69. Ba5 Kd5 70. Bc7 Kc4 71. Ba5 Kd5 72. Kc7 Kxe5 73. Kxb7 Kd5 74. Kxa6 Bd3+ 75. Kb7 Bb5 76. Bc7 Bc4 77. Bf4 Bb5 78. Kb6 Bc4 79. Ka5 Bb5 80. Bg3 Bc4 81. Ka4 Bb5+ 82. Kb3 Bc4+ 83. Kc3 Bb5 84. Bf4 Bc4 85. Be5 Bb5 86. Bf6 Bc4 87. Kd2 Bb5 88. Ke3 Kc4 89. Bh4 Kxb4 90. Kd4 Kb3 91. Be1 Kc2 92. Ba5 Kd1 93. Ke5 Ke2 94. Kd6 Kd3 95. Bd8 Ke4 96. Bf6 Kf5 97. Bc3 Ke4 98. Kc7 Kd5 99. Kb6 Bd3 100. Ba5 Be4 101. Bc3 Kc4 102. Be1 Bd5 103. Bf2 Be4 1/2-1/2

[Event "Caioba Telecom op"]
[Site "Caioba"]
[Date "2016.08.27"]
[Round "3"]
[White "Santos Neto, Amazonas"]
[Black "Carstens Dobuchak, Thiago"]
[Result "1/2-1/2"]
[WhiteElo "1749"]
[BlackElo "2040"]
[PlyCount "72"]
[EventDate "2016.08.26"]
[EventType "swiss"]
[EventRounds "6"]
[EventCountry "BRA"]
[SourceTitle "CBM 174 Extra"]
[Source "ChessBase"]
[SourceDate "2016.10.10"]
[SourceVersion "1"]
[SourceVersionDate "2016.10.10"]
[SourceQuality "1"]

1. c4 c5 2. Nf3 Nc6 3. Nc3 e5 4. d3 g6 5. g3 Bg7 6. Bg2 Nge7 7. a3 0-0 8. e3 d6 9. Qc2 h6 10. Rb1 a5 11. Nd2 f5 12. Nb5 Be6 13. b3 Qd7 14. Bb2 Rae8 15. 0-0 b6 16. Rbd1 f4 17. exf4 exf4 18. Bxg7 Kxg7 19. Qc3+ Ne5 20. Nf3 N7c6 21. d4 cxd4 22. Nbxd4 Kh7 23. Nxe6 Qxe6 24. Nxe5 Nxe5 25. f3 Rd8 26. Rd5 Qf6 27. Qe1 Rc8 28. Qe4 Rc5 29. g4 Re8 30. Rfd1 Re6 31. Bh3 Nxc4 32. g5 Rxe4 33. gxf6 Rxd5 34. Rxd5 Re1+ 35. Kf2 Ne3 36. Rxd6 Rd1 1/2-1/2

[Event "Curitiba op"]
[Site "Curitiba"]
[Date "2016.04.23"]
[Round "5"]
[White "Santos Neto, Amazonas"]
[Black "Sztokbant, Bernardo Vainzoff"]
[Result "0-1"]
[WhiteElo "1732"]
[BlackElo "2200"]
[PlyCount "108"]
[EventDate "2016.04.21"]
[EventType "swiss"]
[EventRounds "7"]
[EventCountry "BRA"]
[SourceTitle "CBM 172 Extra"]
[Source "ChessBase"]
[SourceDate "2016.06.21"]
[SourceVersion "1"]
[SourceVersionDate "2016.06.21"]
[SourceQuality "1"]

1. Nf3 g6 2. g3 Bg7 3. Bg2 e5 4. d3 d5 5. 0-0 Ne7 6. Nbd2 0-0 7. c4 Nbc6 8. a3 h6 9. Rb1 Be6 10. b4 a6 11. Qc2 f5 12. Bb2 d4 13. Ne1 g5 14. b5 axb5 15. cxb5 Na5 16. a4 Nd5 17. Ba3 Rf7 18. Qc1 Nc3 19. Kh1 Nxb1 20. Qxb1 Bd5 21. Nc2 c6 22. Nb4 Bxg2+ 23. Kxg2 c5 24. Nc2 Qd5+ 25. Kg1 e4 26. Rc1 b6 27. Ne1 Re7 28. Nc4 Nxc4 29. Rxc4 e3 30. f3 Ra5 31. Qc2 Rea7 32. Kf1 Qa8 33. Bxc5 bxc5 34. Rxc5 Kh7 35. Rc8 Qd5 36. Rc5 Qf7 37. Rc4 Be5 38. b6 Rb7 39. Qb2 Qe6 40. Rb4 Ra6 41. Qa3 Bd6 42. Nc2 Qe7 43. Qb3 Bxb4 44. Nxd4 Raxb6 45. Nxf5 Qe6 46. Qc2 Qxf5 47. g4 Qg6 48. a5 Bxa5 49. Qc4 Rb1+ 50. Kg2 Bd2 51. Qd5 Rf7 52. h3 Re1 53. d4 Rxe2+ 54. Kg1 Qb1# 0-1

[Event "Curitiba Parana-ch"]
[Site "Curitiba"]
[Date "2016.01.31"]
[Round "8"]
[White "Cruz, Charlie H dos Sant"]
[Black "Santos Neto, Amazonas"]
[Result "0-1"]
[WhiteElo "1735"]
[BlackElo "1672"]
[PlyCount "120"]
[EventDate "2016.01.26"]
[EventType "swiss"]
[EventRounds "8"]
[EventCountry "BRA"]
[SourceTitle "CBM 170 Extra"]
[Source "ChessBase"]
[SourceDate "2016.02.25"]
[SourceVersion "1"]
[SourceVersionDate "2016.02.25"]
[SourceQuality "1"]

1. Nf3 Nf6 2. c4 d6 3. d4 g6 4. Nc3 Bg7 5. e4 0-0 6. Be2 Nbd7 7. 0-0 c5 8. Be3 b6 9. d5 Ng4 10. Bf4 Nge5 11. Qd2 Nxf3+ 12. Bxf3 Ne5 13. Be2 Rb8 14. h4 a6 15. a4 Bd7 16. Ra2 Qc8 17. Bg5 f6 18. Bh6 Bg4 19. f3 Bh3 20. gxh3 Qxh3 21. Bf4 Qxh4 22. Rf2 Qh3 23. Bxe5 fxe5 24. Qg5 Bf6 25. Qg4 Qxg4+ 26. fxg4 Bg5 27. Kg2 Be3 28. Rf3 Bd4 29. Nd1 Rf4 30. Kg3 g5 31. Rxf4 exf4+ 32. Kf3 Kg7 33. a5 Kf6 34. Nf2 bxa5 35. Nd3 Kg6 36. Bd1 h5 37. Rxa5 h4 38. b3 h3 39. Nf2 Rh8 40. Nh1 h2 41. Rxa6 Kf6 42. Bc2 Bg1 43. Ra7 Rh3+ 44. Kg2 Rc3 45. Ra2 Re3 46. Bd1 Rxe4 47. Kf1 Re3 48. Re2 Rd3 49. Re6+ Kf7 50. Bc2 Rc3 51. Re2 f3 52. Rd2 Kf6 53. Ng3 Ke5 54. Bd1 Kf4 55. Nh1 Kxg4 56. Rg2+ Kf4 57. Rxg1 hxg1Q+ 58. Kxg1 g4 59. Kf2 Rd3 60. Ke1 g3 0-1

[Event "Curitiba Parana-ch"]
[Site "Curitiba"]
[Date "2016.01.29"]
[Round "6"]
[White "Da Silva, Jean Henrique da Ro"]
[Black "Santos Neto, Amazonas"]
[Result "1-0"]
[WhiteElo "1602"]
[BlackElo "1672"]
[PlyCount "97"]
[EventDate "2016.01.26"]
[EventType "swiss"]
[EventRounds "8"]
[EventCountry "BRA"]
[SourceTitle "CBM 170 Extra"]
[Source "ChessBase"]
[SourceDate "2016.02.25"]
[SourceVersion "1"]
[SourceVersionDate "2016.02.25"]
[SourceQuality "1"]

1. d4 Nf6 2. c4 g6 3. Nc3 Bg7 4. e4 d6 5. f3 0-0 6. Be3 Nbd7 7. Bd3 e5 8. d5 c6 9. Nge2 cxd5 10. cxd5 b6 11. b4 a6 12. 0-0 b5 13. a4 bxa4 14. Rxa4 Nb6 15. Ra5 Qc7 16. Qb3 Nfd7 17. Rc1 Qd8 18. Rca1 Nb8 19. b5 N6d7 20. bxa6 Nc5 21. Bxc5 dxc5 22. a7 Nd7 23. Nb5 Qb6 24. Qc4 f5 25. d6+ Kh8 26. Nc7 Bb7 27. Nxa8 Bxa8 28. Nc3 Qxd6 29. Ra6 Qd4+ 30. Kh1 Nf6 31. Nb5 fxe4 32. Nxd4 exd4 33. Bxe4 Nxe4 34. fxe4 d3 35. Rd1 Bd4 36. Qxd3 Kg7 37. Rd6 Rf4 38. Rf1 Bxe4 39. Rxf4 Bxd3 40. Rdxd4 cxd4 41. a8Q Bf5 42. Rxd4 h5 43. Rd7+ Kf6 44. Rd6+ Ke5 45. Qd5+ Kf4 46. g3+ Kg4 47. Qd4+ Kf3 48. Qf4+ Ke2 49. Rd2+ 1-0

[Event "Curitiba Parana-ch"]
[Site "Curitiba"]
[Date "2016.01.26"]
[Round "1"]
[White "Santos Neto, Amazonas"]
[Black "Borges, Victor Hugo Moreira"]
[Result "0-1"]
[WhiteElo "1672"]
[BlackElo "2194"]
[PlyCount "80"]
[EventDate "2016.01.26"]
[EventType "swiss"]
[EventRounds "8"]
[EventCountry "BRA"]
[SourceTitle "CBM 170 Extra"]
[Source "ChessBase"]
[SourceDate "2016.02.25"]
[SourceVersion "1"]
[SourceVersionDate "2016.02.25"]
[SourceQuality "1"]

1. c4 g6 2. g3 Bg7 3. Bg2 Nf6 4. Nf3 0-0 5. 0-0 Nc6 6. Nc3 d6 7. a3 a5 8. Rb1 e5 9. d3 h6 10. Bd2 Be6 11. Qc1 Kh7 12. b4 axb4 13. axb4 Qd7 14. b5 Ne7 15. Ne1 Rab8 16. Qa3 Bh3 17. e4 b6 18. Nc2 Nh5 19. Ne3 Bxg2 20. Kxg2 f5 21. exf5 gxf5 22. Ned5 Ra8 23. Qc1 f4 24. f3 Nxd5 25. Nxd5 Ra2 26. Nc3 Raa8 27. g4 Nf6 28. Qe1 Qf7 29. h3 Qg6 30. Qe2 Ra3 31. Rb2 h5 32. Rfb1 hxg4 33. hxg4 Nxg4 34. Rh1+ Kg8 35. Kf1 Ra1+ 36. Rb1 Rxb1+ 37. Nxb1 Nh6 38. Rg1 Qh5 39. Qg2 Nf5 40. Rh1 Ng3+ 0-1

[Event "Florianopolis op 2nd"]
[Site "Florianopolis"]
[Date "2016.01.21"]
[Round "8"]
[White "Santos Neto, Amazonas"]
[Black "Vargas, Gabriela"]
[Result "0-1"]
[WhiteElo "1672"]
[BlackElo "2091"]
[PlyCount "118"]
[EventDate "2016.01.16"]
[EventType "swiss"]
[EventRounds "10"]
[EventCountry "BRA"]
[SourceTitle "CBM 170 Extra"]
[Source "ChessBase"]
[SourceDate "2016.02.25"]
[SourceVersion "1"]
[SourceVersionDate "2016.02.25"]
[SourceQuality "1"]

1. c4 e6 2. Nc3 d5 3. Nf3 Nf6 4. a3 c6 5. e3 Bd6 6. d4 Nbd7 7. Qc2 0-0 8. Bd3 dxc4 9. Bxc4 e5 10. Bd2 b5 11. Bb3 Bb7 12. Ng5 exd4 13. exd4 c5 14. Nxb5 Be4 15. Nxe4 Nxe4 16. Nxd6 Nxd6 17. dxc5 Re8+ 18. Be3 Qa5+ 19. Kf1 Qb5+ 20. Kg1 Nxc5 21. Qxc5 Qxb3 22. Qxd6 Rad8 23. Qxd8 Rxd8 24. h3 Qxb2 25. Kh2 f5 26. Rhb1 Qe5+ 27. g3 a5 28. Re1 Qb5 29. Rab1 Qd3 30. a4 Qc2 31. Ra1 Re8 32. Rec1 Qe2 33. Re1 Qf3 34. Kg1 Re4 35. Bb6 Rxe1+ 36. Rxe1 f4 37. gxf4 Qxf4 38. Bxa5 Qg5+ 39. Kh2 Qxa5 40. Re4 Qd5 41. f3 h5 42. Kg3 Kh7 43. Kf4 g5+ 44. Ke3 Qb3+ 45. Kf2 Kg6 46. h4 gxh4 47. Rxh4 Qb2+ 48. Kg3 Qe5+ 49. Kf2 Qc5+ 50. Kg3 Qg1+ 51. Kh3 Kg5 52. Re4 Qh1+ 53. Kg3 h4+ 54. Kf2 Qh2+ 55. Ke3 Qg1+ 56. Ke2 h3 57. Rg4+ Qxg4 58. fxg4 h2 59. Kd3 h1Q 0-1

[Event "Florianopolis Cordioli Memorial"]
[Site "Florianopolis"]
[Date "2015.07.05"]
[Round "7"]
[White "De Borba, Guilherme"]
[Black "Santos Neto, Amazonas"]
[Result "1-0"]
[WhiteElo "1838"]
[BlackElo "1677"]
[PlyCount "65"]
[EventDate "2015.07.03"]
[EventType "swiss"]
[EventRounds "7"]
[EventCountry "BRA"]
[SourceTitle "EXT 2016"]
[Source "ChessBase"]
[SourceDate "2015.10.08"]
[SourceVersion "1"]
[SourceVersionDate "2015.10.08"]
[SourceQuality "1"]

1. e4 e6 2. d4 d5 3. Nd2 Nc6 4. Ngf3 Nge7 5. c3 dxe4 6. Nxe4 Nd5 7. Bd3 Bd6 8. Nxd6+ cxd6 9. 0-0 Bd7 10. Qe2 Qc7 11. Bd2 0-0-0 12. b4 f6 13. b5 Nce7 14. c4 Nb6 15. a4 Kb8 16. a5 Na8 17. Rfb1 f5 18. c5 dxc5 19. dxc5 Nd5 20. b6 Qxc5 21. Qe5+ Nac7 22. Rc1 Qe7 23. bxc7+ Ka8 24. Bg5 Nf6 25. Bxf6 gxf6 26. cxd8Q+ Rxd8 27. Qc7 Qe8 28. a6 Rb8 29. Rab1 b6 30. Nd4 Qc8 31. Nb5 Qxa6 32. Ra1 Qxa1 33. Rxa1 1-0

[Event "Florianopolis Cordioli Memorial"]
[Site "Florianopolis"]
[Date "2015.07.05"]
[Round "6"]
[White "Santos Neto, Amazonas"]
[Black "Ribeiro, Allysson"]
[Result "0-1"]
[WhiteElo "1677"]
[BlackElo "1868"]
[PlyCount "68"]
[EventDate "2015.07.03"]
[EventType "swiss"]
[EventRounds "7"]
[EventCountry "BRA"]
[SourceTitle "EXT 2016"]
[Source "ChessBase"]
[SourceDate "2015.10.08"]
[SourceVersion "1"]
[SourceVersionDate "2015.10.08"]
[SourceQuality "1"]

1. e4 c5 2. d3 g6 3. Nf3 Bg7 4. g3 Nc6 5. Bg2 Nf6 6. 0-0 0-0 7. Re1 d6 8. Nc3 Rb8 9. Be3 b5 10. Qc1 Nd4 11. Nxd4 cxd4 12. Bxd4 Be6 13. Bxa7 Rc8 14. Nxb5 Qa5 15. a4 Bd7 16. Bd4 Bxb5 17. axb5 Qxb5 18. c4 Qb8 19. e5 Nh5 20. Qc3 e6 21. exd6 Qxd6 22. Bxg7 Nxg7 23. b4 Rfd8 24. Red1 Nf5 25. Ra7 Nd4 26. Qb2 Qe5 27. Qd2 Rxc4 28. Kf1 Rxb4 29. Qe3 Qh5 30. f3 Rb2 31. h4 Qc5 32. Qc1 Rc2 33. Qa3 Qe5 34. Re1 Qxg3 0-1

[Event "Florianopolis Cordioli Memorial"]
[Site "Florianopolis"]
[Date "2015.07.04"]
[Round "5"]
[White "Barbisan Junior, Sergio"]
[Black "Santos Neto, Amazonas"]
[Result "0-1"]
[WhiteElo "1863"]
[BlackElo "1677"]
[PlyCount "110"]
[EventDate "2015.07.03"]
[EventType "swiss"]
[EventRounds "7"]
[EventCountry "BRA"]
[SourceTitle "EXT 2016"]
[Source "ChessBase"]
[SourceDate "2015.10.08"]
[SourceVersion "1"]
[SourceVersionDate "2015.10.08"]
[SourceQuality "1"]

1. Nf3 Nf6 2. c4 g6 3. b3 Bg7 4. Bb2 d6 5. d4 Nbd7 6. Nbd2 0-0 7. e4 c5 8. d5 Qa5 9. a3 a6 10. Bd3 Bh6 11. 0-0 Nh5 12. g3 Nhf6 13. Qc2 Ng4 14. Bc3 Qc7 15. Kg2 Bg7 16. Bxg7 Kxg7 17. Qc3+ f6 18. h3 Nge5 19. Bc2 b5 20. Nh4 Nf7 21. f4 Rh8 22. g4 h6 23. Nxg6 Kxg6 24. e5+ Kg7 25. e6 Nf8 26. exf7 Kxf7 27. Rae1 Bb7 28. Nf3 Re8 29. f5 Nh7 30. h4 Rhg8 31. Kh3 Rg7 32. Rg1 Bc8 33. Qd2 Rh8 34. Rg2 Qd8 35. Re4 Nf8 36. Bd3 h5 37. cxb5 axb5 38. Qc2 Bd7 39. Ree2 Qa8 40. Be4 Be8 41. g5 Nd7 42. gxf6 Nxf6 43. Rxg7+ Kxg7 44. Rg2+ Kf8 45. Ng5 Bf7 46. Ne6+ Bxe6 47. fxe6 Qxa3 48. Bf3 Rg8 49. Rf2 Qb4 50. Bxh5 Qd4 51. Bf3 Qf4 52. Rg2 Qxf3+ 53. Kh2 Rxg2+ 54. Qxg2 Qxg2+ 55. Kxg2 Nxd5 0-1